Countries Alice in Chains has Visited - Statistics

General Stats
  • This quiz has been taken 51 times
  • The average score is 33 of 39
Answer Stats
Continent Country % Correct
South America Brazil
100%
Europe United Kingdom
100%
South America Argentina
97%
Oceania Australia
97%
Asia/ Europe Russia
97%
North America United States of America
97%
Europe Germany
95%
Europe Italy
95%
North America Mexico
95%
North America Canada
92%
Europe France
92%
Asia Japan
92%
Europe Belgium
89%
Europe Norway
89%
Europe Austria
87%
South America Chile
87%
Europe Netherlands
87%
Oceania New Zealand
87%
Europe Spain
87%
Europe Switzerland
87%
Europe Finland
84%
Europe Greece
84%
Europe Ireland
84%
Europe Poland
84%
Europe Portugal
84%
Europe Sweden
84%
Asia/ Europe Turkey
84%
Europe Denmark
82%
Europe Czech Republic
74%
Europe Estonia
74%
South America Peru
74%
Europe Slovakia
74%
Europe Hungary
71%
Europe Bulgaria
68%
Europe Romania
68%
Europe Croatia
66%
Asia Israel
66%
Europe Luxembourg
50%
Asia Singapore
45%
No matching quizzes found
Score Distribution
Percent of People with Each Score
Percentile by Number Answered
Your Score History
You have not taken this quiz